One thousand ten (1010) riddles / (Record no. 4642)
[ view plain ]
| 000 -LEADER | |
|---|---|
| fixed length control field | 00575 a2200181 4500 |
| 005 - DATE AND TIME OF LATEST TRANSACTION | |
| control field | 20181004122332.0 |
| 010 ## - LCCN (DPL NO) | |
| LC control number | ENG-86519 |
| 020 ## - INTERNATIONAL STANDARD BOOK NUMBER | |
| International Standard Book Number | 8183821278 |
| Terms of availability | 95.00 |
| 035 ## - SYSTEM CONTROL NUMBER | |
| System control number | EN-70052 |
| 037 ## - SOURCE OF ACQUISITION | |
| Source of stock number/acquisition | DBAD / PUB |
| 082 ## - DEWEY DECIMAL CLASSIFICATION NUMBER | |
| Classification number | 398.6 |
| 100 ## - MAIN ENTRY--PERSONAL NAME | |
| Personal name | Gupta, Shabnam |
| 245 ## - TITLE STATEMENT | |
| Title | One thousand ten (1010) riddles / |
| Statement of responsibility, etc | by Shabnam Gupta |
| 260 ## - PUBLICATION, DISTRIBUTION, ETC. (IMPRINT) | |
| Place of publication, distribution, etc | New Delhi |
| Name of publisher, distributor, etc | Lotus Press |
| Date of publication, distribution, etc | 2007 |
| 270 ## - ADDRESS | |
| Address | 4263/3, Ansari Road, Darya Ganj |
| City | New Delhi |
| Postal code | 110 002 |
| Telephone number | 011-32903912, 011-23290047 |
| Electronic mail address | lotus_press@sify.com |
| 300 ## - PHYSICAL DESCRIPTION | |
| Extent | 168 p. |
| Dimensions | 21cm (Pbk) |
| 942 ## - ADDED ENTRY ELEMENTS (KOHA) | |
| Institution code [OBSOLETE] | dpl |
| Item type | English Books |
| Source of classification or shelving scheme | Dewey Decimal Classification |
| Classification part | 398.6 |
| Call number suffix | GUP |
| Withdrawn status | Lost status | Not for loan | Collection code | Home library | Current library | Source of acquisition | Cost, normal purchase price | Full call number | Barcode | Copy number | Cost, replacement price | Koha item type | Date acquired |
|---|---|---|---|---|---|---|---|---|---|---|---|---|---|
| Not For Loan | Non-fiction | D.B.Act.Division | D.B.Act.Division | DBAD/PUB | 95.00 | 398.6 GUP | EN-70052 | 1 | 95.00 | English Books | |||
| Non-fiction | Vinoba Puri | Vinoba Puri | DBAct | 95.00 | 398.6 GUP | B-317499 | 1 | 95.00 | English Books | 02/03/2009 |
